[Event "Gibtelecom Masters 8th"]
[Site "Gibraltar"]
[Date "2010.01.27"]
[Round "3.40"]
[White "Collier, David O"]
[Black "Cabrera Trujillo, Jorge"]
[Result "1/2-1/2"]
[WhiteElo "2118"]
[BlackElo "2384"]
[PlyCount "100"]
[EventDate "2010.01.26"]
[EventType "swiss"]
[EventRounds "10"]
[EventCountry "GGB"]
[SourceDate "2005.02.07"]

1. d4 d5 2. c4 c6 3. Nf3 Nf6 4. Nc3 e6 5. Bg5 Be7 6. e3 O-O 7. Qc2 Nbd7 8. cxd5
Nxd5 9. Bxe7 Qxe7 10. e4 Nxc3 11. bxc3 e5 12. Bd3 c5 13. Nxe5 Nxe5 14. dxe5
Qxe5 15. O-O Qf4 16. Rae1 Re8 17. Re3 g6 18. Rfe1 Qe5 19. h4 h5 20. g3 Bg4 21f4 Qe6 22. Qf2 Kg7 23. f5 Qe5 24. Bc4 Re7 25. Rf1 Rd7 26. f6+ Kg8 27. Bd5 Re8
28. c4 Rd6 29. Kg2 Be6 30. Ree1 Rb6 31. Qxc5 Rb2+ 32. Rf2 b6 33. Qe3 Qxf6 34Rxb2 Qxb2+ 35. Re2 Qe5 36. Qf4 Qxf4 37. gxf4 Bg4 38. Rd2 Rc8 39. Kf2 Kf8 40Ke3 Rc5 41. Rd3 Ra5 42. a3 Ke7 43. Kd4 Bd7 44. Rb3 Rc5 45. Rg3 Ra5 46. Rb3 Be6
47. Rc3 Kf6 48. Bc6 Rc5 49. Bd5 Rc7 50. c5 Rd7 1/2-1/2

[Event "Gibtelecom Masters 8th"]
[Site "Gibraltar"]
[Date "2010.01.27"]
[Round "3.41"]
[White "Doubleday, William G"]
[Black "Sarkar, Justin"]
[Result "0-1"]
[WhiteElo "2115"]
[BlackElo "2378"]
[PlyCount "48"]
[EventDate "2010.01.26"]
[EventType "swiss"]
[EventRounds "10"]
[EventCountry "GGB"]
[SourceDate "2005.02.07"]

1. d4 Nf6 2. c4 e6 3. Nc3 Bb4 4. e3 O-O 5. Nge2 d5 6. a3 Be7 7. Nf4 c6 8. Bd3
Nbd7 9. cxd5 exd5 10. O-O Re8 11. Qc2 Nf8 12. Bd2 Ne6 13. Nxe6 Bxe6 14. b4 Bd6
15. e4 dxe4 16. Nxe4 Nxe4 17. Bxe4 Qh4 18. g3 Qh5 19. Rfe1 Bd5 20. Rac1 Rxe4
21. Rxe4 f5 22. Rh4 Qf3 23. Kf1 Re8 24. Be3 Rxe3 0-1

[Event "Gibtelecom Masters 8th"]
[Site "Gibraltar"]
[Date "2010.01.27"]
[Round "3.42"]
[White "Ogada-Osir, Ibrahim Okinyi"]
[Black "Degtiarev, Evgeny"]
[Result "1/2-1/2"]
[WhiteElo "2104"]
[BlackElo "2374"]
[PlyCount "73"]
[EventDate "2010.01.26"]
[EventType "swiss"]
[EventRounds "10"]
[EventCountry "GGB"]
[SourceDate "2005.02.07"]

1. Nf3 Nf6 2. d4 b6 3. g3 Bb7 4. Bg2 c5 5. dxc5 bxc5 6. c4 g6 7. O-O Bg7 8. Nc3
O-O 9. Be3 d6 10. Qc1 Re8 11. Rd1 Qc8 12. h3 Ne4 13. Nxe4 Bxe4 14. Bd2 e5 15Bh6 Rd8 16. Bxg7 Kxg7 17. Qc3 f6 18. Nxe5 Bxg2 19. Ng4 Qe6 20. Kxg2 Nc6 21. Qe3
Qxe3 22. Nxe3 Rab8 23. Rd2 Kf7 24. Rad1 Ke6 25. b3 Ne7 26. Nd5 Nxd5 27. Rxd5 a5
28. R1d3 a4 29. e4 axb3 30. axb3 Rb6 31. f4 Rdb8 32. Kf2 Rc6 33. Ke2 Ra8 34Ke3 Ra2 35. Rd2 Ra3 36. R5d3 Rb6 37. Rb2 1/2-1/2

[Event "Gibtelecom Masters 8th"]
[Site "Gibraltar"]
[Date "2010.01.27"]
[Round "3.43"]
[White "Fegan, Chris"]
[Black "Zaremba, Andrie"]
[Result "0-1"]
[WhiteElo "2093"]
[BlackElo "2360"]
[PlyCount "76"]
[EventDate "2010.01.26"]
[EventType "swiss"]
[EventRounds "10"]
[EventCountry "GGB"]
[SourceDate "2005.02.07"]

1. d4 d5 2. Nf3 Nf6 3. e3 c6 4. Bd3 Bg4 5. c4 e6 6. Qb3 Qc7 7. Ne5 Bh5 8. Nc3
Nbd7 9. f4 Bg6 10. f5 Bxf5 11. Bxf5 exf5 12. cxd5 Nxe5 13. dxe5 Nxd5 14. Nxd5
cxd5 15. O-O Qd7 16. Bd2 Be7 17. Rad1 Rd8 18. Qd3 O-O 19. Rxf5 Bc5 20. Rh5 g6
21. Rh3 d4 22. e4 Qe6 23. b4 Be7 24. Qg3 Rfe8 25. Qf4 Bf8 26. Qh4 h5 27. Bg5
Be7 28. Bf6 Bxf6 29. exf6 Qxe4 30. Qf2 Re6 31. Rh4 Qe5 32. Rf4 d3 33. Rf3 d2
34. h3 Qe1+ 35. Qf1 Qh4 36. g3 Qxb4 37. Rf4 Qc3 38. Kh2 Re1 0-1

[Event "Gibtelecom Masters 8th"]
[Site "Gibraltar"]
[Date "2010.01.27"]
[Round "3.44"]
[White "Calzetta Ruiz, Monica"]
[Black "Valgmae, Toomas"]
[Result "0-1"]
[WhiteElo "2359"]
[BlackElo "2117"]
[PlyCount "74"]
[EventDate "2010.01.26"]
[EventType "swiss"]
[EventRounds "10"]
[EventCountry "GGB"]
[SourceDate "2005.02.07"]

1. e4 d6 2. d4 Nf6 3. Nc3 g6 4. Be3 c6 5. h3 b5 6. Bd3 b4 7. Nce2 a5 8. Nf3 Bg7
9. O-O O-O 10. Qd2 Ba6 11. Ng3 Nbd7 12. Bxa6 Rxa6 13. e5 Nd5 14. Bh6 Re8 15Nf5 Bf8 16. Bxf8 Nxf8 17. Nh6+ Kg7 18. Rfe1 f6 19. exf6+ exf6 20. Rxe8 Qxe8 21Re1 Qd8 22. Ng4 Ra7 23. c4 bxc3 24. bxc3 Re7 25. Rb1 g5 26. Nxg5 fxg5 27. Qxg5+
Kh8 28. Nh6 Ne6 29. Qd2 Qf8 30. c4 Ndf4 31. Ng4 h5 32. Ne3 Rg7 33. d5 cxd5 34cxd5 Nxg2 35. Nxg2 Nf4 36. Kf1 Rxg2 37. Rb7 Rg1+ 0-1

[Event "Gibtelecom Masters 8th"]
[Site "Gibraltar"]
[Date "2010.01.27"]
[Round "3.45"]
[White "Lumsdon, Andrew"]
[Black "Saravanan, Venkat"]
[Result "0-1"]
[WhiteElo "2090"]
[BlackElo "2356"]
[PlyCount "50"]
[EventDate "2010.01.26"]
[EventType "swiss"]
[EventRounds "10"]
[EventCountry "GGB"]
[SourceDate "2005.02.07"]

1. d4 g6 2. Nf3 Bg7 3. e3 c5 4. c4 Nf6 5. b3 O-O 6. Bb2 cxd4 7. Nxd4 d5 8. Nd2
Re8 9. cxd5 Nxd5 10. Bb5 Bd7 11. Qe2 e5 12. Nc2 Nf4 13. Bxd7 Nxd7 14. Qf1 Nc5
15. O-O-O Nfd3+ 16. Kb1 Nxb2 17. Kxb2 e4+ 18. Kb1 Qf6 19. Nd4 Red8 20. Nc4 Nd3
21. f3 Rxd4 22. exd4 Qxd4 23. fxe4 Qa1+ 24. Kc2 Qc3+ 25. Kb1 Nb4 0-1

[Event "Gibtelecom Masters 8th"]
[Site "Gibraltar"]
[Date "2010.01.27"]
[Round "3.46"]
[White "Jameson, David"]
[Black "Peek, Marcel"]
[Result "0-1"]
[WhiteElo "2053"]
[BlackElo "2342"]
[PlyCount "92"]
[EventDate "2010.01.26"]
[EventType "swiss"]
[EventRounds "10"]
[EventCountry "GGB"]
[SourceDate "2005.02.07"]

1. e4 c5 2. Nc3 Nc6 3. f4 e6 4. Bb5 Nge7 5. Nf3 a6 6. Be2 d5 7. d3 g6 8. O-Bg7 9. g4 f5 10. gxf5 exf5 11. e5 d4 12. Na4 b6 13. b3 Nd5 14. Bd2 Bh6 15. Qc1
Be6 16. a3 O-O 17. Rb1 a5 18. c4 dxc3 19. Nxc3 Nxc3 20. Qxc3 Rc8 21. Be3 Rf7
22. d4 cxd4 23. Nxd4 Nxd4 24. Qxd4 Qxd4 25. Bxd4 Rc2 26. Bd1 Ra2 27. Bxb6 Rxa3
28. Rf2 Bf8 29. Rf3 Rb7 30. Bf2 a4 31. b4 Rxf3 32. Bxf3 Rxb4 33. Rxb4 Bxb4 34Bd4 Bd2 35. Bb2 Kf7 36. Kf2 Bxf4 37. h3 Bb3 38. Bb7 Bd2 39. Ba3 Bc3 40. Kf3
Bxe5 41. h4 Bf6 42. Kg3 Be7 43. Bb2 a3 44. Bxa3 Bxa3 45. h5 g5 46. Bc8 Kf6 0-1

[Event "Gibtelecom Masters 8th"]
[Site "Gibraltar"]
[Date "2010.01.27"]
[Round "3.47"]
[White "Pienabarca, Nicola"]
[Black "Reizniece, Dana"]
[Result "0-1"]
[WhiteElo "2071"]
[BlackElo "2341"]
[PlyCount "86"]
[EventDate "2010.01.26"]
[EventType "swiss"]
[EventRounds "10"]
[EventCountry "GGB"]
[SourceDate "2005.02.07"]

1. d4 Nf6 2. Nf3 d6 3. g3 g6 4. Bg2 Bg7 5. O-O O-O 6. c4 Nc6 7. d5 Na5 8. Nfd2
c5 9. Nc3 a6 10. Qc2 Rb8 11. b3 b5 12. Bb2 e5 13. Rae1 Nd7 14. Nd1 bxc4 15bxc4 Nb6 16. f4 Bf5 17. e4 Bd7 18. fxe5 Ba4 19. Qc1 Bxd1 20. Rxd1 dxe5 21. Ba3
Bh6 22. Bxc5 Naxc4 23. Bxf8 Qxf8 24. Qc3 Nxd2 25. Rxd2 Bxd2 26. Qxd2 Nc4 27Qc3 Qc5+ 28. Kh1 Qd4 29. Qf3 f5 30. Qf2 Qxf2 31. Rxf2 Ne3 32. Bf1 Rb1 33. Kg1
Rd1 34. exf5 gxf5 35. g4 f4 36. Rf3 Kf8 37. h4 a5 38. g5 Rxd5 39. Kh2 Rd2+ 40Kh3 Rxa2 41. Bd3 Kg7 42. h5 h6 43. g6 a4 0-1

[Event "Gibtelecom Masters 8th"]
[Site "Gibraltar"]
[Date "2010.01.27"]
[Round "3.48"]
[White "Dittmar, Peter"]
[Black "Flermoen, Peter"]
[Result "1/2-1/2"]
[WhiteElo "2341"]
[BlackElo "2108"]
[PlyCount "181"]
[EventDate "2010.01.26"]
[EventType "swiss"]
[EventRounds "10"]
[EventCountry "GGB"]
[SourceDate "2005.02.07"]

1. c4 Nf6 2. g3 e6 3. Bg2 d5 4. Nf3 Be7 5. O-O O-O 6. d4 b6 7. Nc3 Bb7 8. Ne5
Nbd7 9. Qa4 c6 10. Nxd7 Qxd7 11. Rd1 Rfd8 12. Bg5 h6 13. Bxf6 Bxf6 14. e3 a6
15. Rac1 b5 16. cxb5 cxb5 17. Qb3 Be7 18. Bf1 Rdc8 19. Ne2 b4 20. Rxc8+ Rxc8
21. Rc1 Rxc1 22. Nxc1 Qc7 23. Qd1 a5 24. Bb5 e5 25. Ne2 Bd6 26. dxe5 Bxe5 27Nd4 Qb6 28. Be2 Bxd4 29. Qxd4 Qxd4 30. exd4 Kf8 31. Kf1 Ke7 32. Ke1 g5 33. Kd2
f6 34. Bg4 Ba6 35. Ke3 Bc4 36. a3 bxa3 37. bxa3 Kd6 38. Bh5 Bb5 39. Bg6 Ke6 40Bc2 Be8 41. Bd3 Ba4 42. f4 Kd6 43. fxg5 fxg5 44. h4 Ke6 45. hxg5 hxg5 46. Ba6
Bd1 47. Bd3 Ba4 48. Be2 Kf5 49. Bf3 Ke6 50. Bg4+ Kd6 51. Be2 Be8 52. Bd1 Ke6
53. Bb3 Kd6 54. Kf3 Bh5+ 55. Kg2 Bg4 56. Ba4 Ke6 57. Bc6 Kd6 58. Bb7 Be6 59Kf3 Bf5 60. Ba6 Be6 61. Bb5 Bf5 62. Be8 Be6 63. Bg6 Kc6 64. Bd3 Bc8 65. Ke3 Kd6
66. Kd2 Bd7 67. Kc3 Kc7 68. Kb3 Kb6 69. Bg6 Bc6 70. Bf5 Kb5 71. Be6 Kb6 72. Bf7
Kb5 73. Kc3 Ka4 74. Kb2 Kb5 75. Kb3 Kb6 76. Bg8 Kb5 77. Be6 Kb6 78. Bg4 Kc7 79Kc3 Kd6 80. Kd2 Be8 81. Ke3 Kc6 82. Be2 Kd6 83. Ba6 Bh5 84. Bb5 Bg4 85. Bf1 Bc8
86. Kf3 Be6 87. Bb5 Ke7 88. Bc6 Kd6 89. Be8 Ke7 90. Bh5 Kf6 91. Be8 1/2-1/2

[Event "Gibtelecom Masters 8th"]
[Site "Gibraltar"]
[Date "2010.01.27"]
[Round "3.49"]
[White "Haraldsson, Leif"]
[Black "Sedina, Elena"]
[Result "0-1"]
[WhiteElo "2050"]
[BlackElo "2335"]
[PlyCount "54"]
[EventDate "2010.01.26"]
[EventType "swiss"]
[EventRounds "10"]
[EventCountry "GGB"]
[SourceDate "2005.02.07"]

1. e4 Nf6 2. Nc3 d5 3. exd5 Nxd5 4. Nxd5 Qxd5 5. Nf3 e5 6. d4 Nc6 7. dxe5 Qxd1+
8. Kxd1 Bg4 9. Be2 O-O-O+ 10. Bd2 Bxf3 11. gxf3 Nxe5 12. Kc1 Bc5 13. Rf1 Rhe8
14. f4 Ng6 15. Bd3 Bd6 16. Bc4 Bxf4 17. Bxf4 Nxf4 18. Bxf7 Re7 19. Bc4 Ne2+ 20Kb1 Rd4 21. b3 Rh4 22. Kb2 Nd4 23. Rad1 c6 24. f4 Nf5 25. Bd3 Ne3 26. Rde1 Kd8
27. Re2 Nxf1 0-1

[Event "Gibtelecom Masters 8th"]
[Site "Gibraltar"]
[Date "2010.01.27"]
[Round "3.50"]
[White "Bryn, Askild"]
[Black "Zozulia, Anna"]
[Result "0-1"]
[WhiteElo "2036"]
[BlackElo "2321"]
[PlyCount "44"]
[EventDate "2010.01.26"]
[EventType "swiss"]
[EventRounds "10"]
[EventCountry "GGB"]
[SourceDate "2005.02.07"]

1. d4 Nf6 2. c4 g6 3. Nc3 Bg7 4. e4 d6 5. Nf3 O-O 6. g3 Bg4 7. Bg2 Nc6 8. Be3
e5 9. d5 Nd4 10. O-O Re8 11. Bxd4 exd4 12. Nb5 Nxe4 13. Nbxd4 Qf6 14. Rb1 a5
15. Nb5 Ng5 16. Nxc7 Nxf3+ 17. Kh1 Re5 18. Nxa8 Nxh2 19. f3 Nxf1 20. Qxf1 Rh5+
21. Kg1 Qd4+ 22. Qf2 Qd3 0-1

[Event "Gibtelecom Masters 8th"]
[Site "Gibraltar"]
[Date "2010.01.27"]
[Round "3.51"]
[White "Wantiez, Fabrice"]
[Black "Allor, Chukwuka"]
[Result "1-0"]
[WhiteElo "2315"]
[BlackElo "2100"]
[PlyCount "85"]
[EventDate "2010.01.26"]
[EventType "swiss"]
[EventRounds "10"]
[EventCountry "GGB"]
[SourceDate "2005.02.07"]

1. e4 c5 2. Nf3 d6 3. d4 cxd4 4. Nxd4 Nf6 5. Nc3 Nc6 6. Bg5 e6 7. Qd2 a6 8O-O-O Bd7 9. f3 Be7 10. h4 b5 11. Nxc6 Bxc6 12. Bxf6 gxf6 13. Bd3 b4 14. Ne2
Qb6 15. Kb1 a5 16. Bc4 Qc5 17. b3 Bb5 18. Bxb5+ Qxb5 19. Nd4 Qc5 20. Qh6 a4 21Qg7 Rf8 22. Qxh7 Rc8 23. Rd2 a3 24. Ne2 Qe5 25. Rd4 f5 26. f4 Qf6 27. Qh5 Rh8
28. Qf3 fxe4 29. Qxe4 Rxh4 30. Rxh4 Qxh4 31. g3 Qh2 32. Qf3 Qh7 33. f5 d5 34Rd1 Qg7 35. Nd4 e5 36. Nb5 e4 37. f6 Bxf6 38. Qf5 Rd8 39. Rxd5 Rxd5 40. Qxd5
Qg5 41. Nd6+ Ke7 42. Nf5+ Ke8 43. Qc6+ 1-0

[Event "Gibtelecom Masters 8th"]
[Site "Gibraltar"]
[Date "2010.01.27"]
[Round "3.53"]
[White "Perez Pardo, Juan Carlos"]
[Black "Freuler, Roman"]
[Result "1/2-1/2"]
[WhiteElo "2297"]
[BlackElo "2082"]
[PlyCount "62"]
[EventDate "2010.01.26"]
[EventType "swiss"]
[EventRounds "10"]
[EventCountry "GGB"]
[SourceDate "2005.02.07"]

1. Nf3 Nf6 2. c4 g6 3. g3 Bg7 4. Bg2 O-O 5. O-O d6 6. d4 c6 7. Nc3 Nbd7 8. e4
e5 9. h3 Re8 10. Re1 Qc7 11. b3 b6 12. Ba3 Bf8 13. Bb2 Bb7 14. Rc1 Rad8 15. b4
Bg7 16. b5 cxb5 17. cxb5 Qb8 18. Qd2 d5 19. exd5 Nxd5 20. dxe5 Nxc3 21. Qxc3
Bxf3 22. Qxf3 Nxe5 23. Qa3 Nd3 24. Rxe8+ Rxe8 25. Qxd3 Bxb2 26. Rd1 Bf6 27. Bd5
Qe5 28. Kg2 Kg7 29. Qf3 Qe2 30. Bc6 Qxf3+ 31. Kxf3 Re7 1/2-1/2

[Event "Gibtelecom Masters 8th"]
[Site "Gibraltar"]
[Date "2010.01.27"]
[Round "3.54"]
[White "Mortensen, Henrik"]
[Black "Videnova, Iva"]
[Result "1/2-1/2"]
[WhiteElo "2015"]
[BlackElo "2301"]
[PlyCount "95"]
[EventDate "2010.01.26"]
[EventType "swiss"]
[EventRounds "10"]
[EventCountry "GGB"]
[SourceDate "2005.02.07"]

1. d4 g6 2. e4 Bg7 3. Nc3 d6 4. Nge2 a6 5. Be3 e6 6. Qd2 h6 7. g3 Nf6 8. h3 b5
9. Bg2 Bb7 10. f3 Nbd7 11. O-O Nb6 12. b3 d5 13. e5 Nfd7 14. f4 h5 15. a4 bxa4
16. Nxa4 Bc6 17. Nxb6 cxb6 18. c4 Nb8 19. Nc3 dxc4 20. bxc4 Bxg2 21. Qxg2 Nd7
22. d5 exd5 23. cxd5 O-O 24. d6 Nxe5 25. fxe5 Bxe5 26. Rac1 Qxd6 27. Rfd1 Qa3
28. Nd5 Rac8 29. Rxc8 Rxc8 30. Bf4 Bxf4 31. Nxf4 Rc1 32. Rxc1 Qxc1+ 33. Kh2 h4
34. Qf2 hxg3+ 35. Kxg3 Qc3+ 36. Kg4 Qf6 37. Qe3 a5 38. Qe4 Qc3 39. Qe8+ Kg7 40Ne6+ fxe6 41. Qe7+ Kg8 42. Qd8+ Kg7 43. Qe7+ Kh8 44. Qd8+ Kh7 45. Qh4+ Kg8 46Qd8+ Kf7 47. Qd7+ Kg8 48. Qd8+ 1/2-1/2

[Event "Gibtelecom Masters 8th"]
[Site "Gibraltar"]
[Date "2010.01.27"]
[Round "3.55"]
[White "Forsaa, Espen"]
[Black "Ortega Valle, Jose Ramon"]
[Result "1/2-1/2"]
[WhiteElo "2301"]
[BlackElo "2054"]
[PlyCount "80"]
[EventDate "2010.01.26"]
[EventType "swiss"]
[EventRounds "10"]
[EventCountry "GGB"]
[SourceDate "2005.02.07"]

1. e4 c5 2. Nf3 d6 3. d4 cxd4 4. Nxd4 Nf6 5. Nc3 a6 6. Be2 e5 7. Nb3 Be6 8. Bg5
Nbd7 9. a4 Qc7 10. O-O Be7 11. Kh1 h6 12. Be3 Bc4 13. f4 O-O 14. f5 b5 15. axb5
axb5 16. Bxc4 bxc4 17. Nd2 Rxa1 18. Qxa1 Qb7 19. Qa4 Ra8 20. Qxc4 Qxb2 21. Qb3
Rb8 22. Qxb2 Rxb2 23. Rc1 Ng4 24. Nd1 Ra2 25. Kg1 Nxe3 26. Nxe3 Bg5 27. Kf2 Nc5
28. Rb1 Ra4 29. Kf3 Rd4 30. Ndf1 Nxe4 31. Rd1 Bxe3 32. Rxd4 Bxd4 33. Kxe4 Kf8
34. Nd2 Ke7 35. g4 Bc3 36. Nf3 g6 37. fxg6 fxg6 38. Kd5 Bb4 39. c4 Kf6 40. Ke4
Bc5 1/2-1/2

[Event "Gibtelecom Masters 8th"]
[Site "Gibraltar"]
[Date "2010.01.27"]
[Round "3.56"]
[White "Hawkins, James N H"]
[Black "Schuetze, Norman"]
[Result "1/2-1/2"]
[WhiteElo "2019"]
[BlackElo "2269"]
[PlyCount "59"]
[EventDate "2010.01.26"]
[EventType "swiss"]
[EventRounds "10"]
[EventCountry "GGB"]
[SourceDate "2005.02.07"]

1. e4 c5 2. Nf3 d6 3. d4 cxd4 4. Nxd4 Nf6 5. Nc3 a6 6. Bg5 Nbd7 7. f4 Qb6 8Qd2 e5 9. Nb3 Be7 10. O-O-O O-O 11. f5 Qc7 12. g4 b5 13. Bd3 Bb7 14. Bxf6 Nxf6
15. g5 b4 16. Nd5 Nxd5 17. exd5 f6 18. g6 Rfc8 19. gxh7+ Kh8 20. Be4 a5 21. Kb1
a4 22. Nc1 Qa5 23. h4 Rc4 24. Qg2 Rac8 25. h5 Bf8 26. Rh3 Qc5 27. Rg3 Rc7 28h6 Rf7 29. hxg7+ Bxg7 30. Rg1 1/2-1/2

[Event "Gibtelecom Masters 8th"]
[Site "Gibraltar"]
[Date "2010.01.27"]
[Round "3.57"]
[White "Meskovs, Nikita"]
[Black "Flores Chico, Jorge"]
[Result "1-0"]
[WhiteElo "2264"]
[BlackElo "2052"]
[PlyCount "53"]
[EventDate "2010.01.26"]
[EventType "swiss"]
[EventRounds "10"]
[EventCountry "GGB"]
[SourceDate "2005.02.07"]

1. d4 Nf6 2. c4 g6 3. Nc3 Bg7 4. e4 d6 5. Nf3 O-O 6. h3 e5 7. d5 Na6 8. Bg5 Qe8
9. g4 Kh8 10. Nd2 Ng8 11. h4 f6 12. Be3 f5 13. gxf5 gxf5 14. exf5 e4 15. Ndxe4
Nc5 16. Nxc5 dxc5 17. Qd2 b5 18. cxb5 Bxf5 19. O-O-O a6 20. bxa6 Rf6 21. Bxc5
Rfxa6 22. Bxa6 Rxa6 23. Bd4 Nf6 24. h5 Rxa2 25. Nxa2 Qa4 26. Qc3 Kg8 27. Rdg1
1-0

[Event "Gibtelecom Masters 8th"]
[Site "Gibraltar"]
[Date "2010.01.27"]
[Round "3.58"]
[White "Odeh, Kenneth"]
[Black "Stephan, Axel"]
[Result "0-1"]
[WhiteElo "2012"]
[BlackElo "2252"]
[PlyCount "56"]
[EventDate "2010.01.26"]
[EventType "swiss"]
[EventRounds "10"]
[EventCountry "GGB"]
[SourceDate "2005.02.07"]

1. e4 c5 2. Nc3 e6 3. g3 d5 4. Bg2 Nf6 5. d3 Be7 6. Nge2 d4 7. Nb1 Nc6 8. O-h5 9. Nd2 h4 10. f4 hxg3 11. Nxg3 g6 12. Nc4 Nh5 13. e5 Nxg3 14. hxg3 Qc7 15a4 b6 16. Bd2 Bb7 17. a5 O-O-O 18. a6 Ba8 19. Na3 Rh7 20. Qf3 Rdh8 21. Nb5 Qb8
22. g4 Rh2 23. g5 R8h4 24. Qg3 Rxg2+ 25. Qxg2 Nxe5 26. fxe5 Bxg2 27. Rxf7 Qxe5
28. Kxg2 Rh2+ 0-1

[Event "Gibtelecom Masters 8th"]
[Site "Gibraltar"]
[Date "2010.01.27"]
[Round "3.59"]
[White "Schoene, Maria"]
[Black "Obiamiwe, Paul"]
[Result "1/2-1/2"]
[WhiteElo "2251"]
[BlackElo "2046"]
[PlyCount "131"]
[EventDate "2010.01.26"]
[EventType "swiss"]
[EventRounds "10"]
[EventCountry "GGB"]
[SourceDate "2005.02.07"]

1. e4 c5 2. Nf3 d6 3. d4 cxd4 4. Nxd4 Nf6 5. Nc3 a6 6. Be3 Ng4 7. Bg5 h6 8. Bh4
g5 9. Bg3 Bg7 10. h3 Ne5 11. f3 Nbc6 12. Bf2 Bd7 13. Qd2 b5 14. O-O-O Nxd4 15Bxd4 Be6 16. h4 Qa5 17. Kb1 b4 18. Nd5 Bxd5 19. exd5 Qxd5 20. hxg5 hxg5 21Rxh8+ Bxh8 22. Qxg5 Bf6 23. Qd2 Nd7 24. Qxb4 Rb8 25. Qd2 a5 26. a3 Bxd4 27Qxd4 Qxd4 28. Rxd4 Nc5 29. Kc1 Kd7 30. b4 axb4 31. axb4 Ne6 32. Rh4 f6 33. c3
Ng5 34. Bc4 Kc6 35. Kd2 d5 36. Bd3 Kd6 37. Rh1 Ra8 38. Ke3 Ra3 39. Rc1 e5 40Kd2 Ne6 41. g3 Ng5 42. Rf1 Ra2+ 43. Ke3 Rg2 44. g4 Nh3 45. Ra1 Nf4 46. Ra6+ Ke7
47. b5 Rb2 48. Bf1 Rb1 49. Kf2 Rb2+ 50. Kg1 Rb1 51. Ra2 Nh3+ 52. Kg2 Nf4+ 53Kf2 Kd8 54. Ra8+ Ke7 55. Ra7+ Kd6 56. Ra6+ Ke7 57. b6 Rb2+ 58. Ke3 Rb1 59. Ra7+
Kd6 60. b7 Kc7 61. Ba6 Rb2 62. Bf1 Rxb7 63. Rxb7+ Kxb7 64. c4 Kc6 65. cxd5+
Kxd5 66. Ba6 1/2-1/2

[Event "Gibtelecom Masters 8th"]
[Site "Gibraltar"]
[Date "2010.01.27"]
[Round "3.60"]
[White "Lombart, Philippe"]
[Black "Overeem, Marc"]
[Result "0-1"]
[WhiteElo "1996"]
[BlackElo "2245"]
[PlyCount "84"]
[EventDate "2010.01.26"]
[EventType "swiss"]
[EventRounds "10"]
[EventCountry "GGB"]
[SourceDate "2005.02.07"]

1. d4 Nf6 2. c4 e6 3. Nc3 Bb4 4. g3 c5 5. a3 Bxc3+ 6. bxc3 Qa5 7. Bd2 O-O 8Bg2 Nc6 9. Nh3 Qa6 10. O-O Qxc4 11. dxc5 Qxc5 12. e4 d5 13. exd5 exd5 14. Nf4
Bg4 15. Qb3 Na5 16. Qb4 Qxb4 17. axb4 Nc4 18. Be3 Nxe3 19. fxe3 Rfd8 20. h3 Be6
21. Rfd1 g5 22. Nd3 Rdc8 23. Ra3 b6 24. Rda1 Rc7 25. Ne5 Rac8 26. Rxa7 Rxa7 27Rxa7 Rxc3 28. g4 Rxe3 29. Nc6 Rg3 30. b5 Rb3 31. Bf1 Rb1 32. Ra8+ Kg7 33. Nd4
Bd7 34. Rb8 h5 35. Rxb6 hxg4 36. hxg4 Bxg4 37. Kg2 Ne4 38. Bd3 Rb2+ 39. Kg1 Bh3
40. Bxe4 dxe4 41. Rc6 e3 42. Rc2 Rb4 0-1

[Event "Gibtelecom Masters 8th"]
[Site "Gibraltar"]
[Date "2010.01.27"]
[Round "3.61"]
[White "Campbell, Ian"]
[Black "Duhayon, Yves"]
[Result "0-1"]
[WhiteElo "2002"]
[BlackElo "2241"]
[PlyCount "90"]
[EventDate "2010.01.26"]
[EventType "swiss"]
[EventRounds "10"]
[EventCountry "GGB"]
[SourceDate "2005.02.07"]

1. Nf3 Nf6 2. g3 b5 3. Bg2 Bb7 4. O-O e6 5. a4 b4 6. d3 d5 7. e3 Nbd7 8. b3 Bd6
9. Bb2 O-O 10. Nbd2 e5 11. Qe2 Re8 12. e4 dxe4 13. Nxe4 Nxe4 14. dxe4 Nc5 15Nd2 Ba6 16. Nc4 Qd7 17. Rfe1 Nb7 18. Bf1 Na5 19. Qd2 Nxc4 20. bxc4 Rad8 21Red1 Qe7 22. Qd5 c6 23. Qd2 Bc5 24. Qe1 f6 25. Rxd8 Rxd8 26. Rd1 Bc8 27. Kg2
Rxd1 28. Qxd1 Qd6 29. Bd3 Be6 30. Qh5 Bf7 31. Qg4 Qe6 32. Qe2 Qd7 33. Qe1 a5
34. Qa1 Kf8 35. f4 exf4 36. Bxf6 gxf6 37. Qxf6 Qd4 38. Qxf4 b3 39. Qh6+ Qg7 40Qxc6 Qg5 41. cxb3 Be7 42. Qc8+ Kg7 43. Qd7 Bg6 44. h4 Qe5 45. Qd5 Qxd5 0-1

[Event "Gibtelecom Masters 8th"]
[Site "Gibraltar"]
[Date "2010.01.27"]
[Round "3.62"]
[White "Nadig, Kruttika"]
[Black "Hamer, Martyn"]
[Result "1-0"]
[WhiteElo "2240"]
[BlackElo "2039"]
[PlyCount "87"]
[EventDate "2010.01.26"]
[EventType "swiss"]
[EventRounds "10"]
[EventCountry "GGB"]
[SourceDate "2005.02.07"]

1. d4 Nf6 2. c4 e6 3. g3 d5 4. Bg2 Be7 5. Nf3 dxc4 6. O-O O-O 7. Nbd2 c5 8Nxc4 Nc6 9. dxc5 Bxc5 10. a3 a6 11. b4 Ba7 12. Bb2 Qe7 13. Nd6 Rd8 14. Nxc8
Raxc8 15. Qb3 Nd4 16. Nxd4 Bxd4 17. Bxd4 Rxd4 18. Rfd1 Rdc4 19. Bxb7 Rc3 20Qb2 Rc2 21. Qb1 R8c7 22. Bxa6 Ne4 23. Bd3 Nd2 24. Qxc2 Rxc2 25. Bxc2 Nc4 26Rd4 Ne5 27. b5 g6 28. b6 Kg7 29. Rb1 Nc6 30. b7 Nb8 31. Rd3 h5 32. h4 g5 33hxg5 Qxg5 34. a4 h4 35. Kg2 Qc5 36. Bd1 hxg3 37. Rxg3+ Kf6 38. Rb5 Qc6+ 39Rf3+ Ke7 40. e3 Qc4 41. Rf4 Qc7 42. Bf3 e5 43. Rg4 Kf8 44. Bd5 1-0

[Event "Gibtelecom Masters 8th"]
[Site "Gibraltar"]
[Date "2010.01.27"]
[Round "3.63"]
[White "Zanetti, Bruno"]
[Black "Al-Tamimi, Hamad"]
[Result "0-1"]
[WhiteElo "1978"]
[BlackElo "2238"]
[PlyCount "60"]
[EventDate "2010.01.26"]
[EventType "swiss"]
[EventRounds "10"]
[EventCountry "GGB"]
[SourceDate "2005.02.07"]

1. d4 d5 2. c4 e6 3. Nf3 Nf6 4. Bg5 Be7 5. e3 O-O 6. Nc3 Nbd7 7. Qc2 c5 8O-O-O Qa5 9. g4 cxd4 10. exd4 Bb4 11. Bxf6 Nxf6 12. g5 Nd7 13. h4 Bxc3 14. bxc3
dxc4 15. Bxc4 Nb6 16. Bd3 Nd5 17. Kb2 Bd7 18. Bxh7+ Kh8 19. Rc1 Rac8 20. Be4
Nxc3 21. Qxc3 Rxc3 22. Rxc3 Bc6 23. Bxc6 bxc6 24. Rhc1 Qd5 25. h5 f6 26. g6
Qxh5 27. Rg1 Kg8 28. Rg3 Qf5 29. Rc5 Rb8+ 30. Kc3 Qb1 0-1

[Event "Gibtelecom Masters 8th"]
[Site "Gibraltar"]
[Date "2010.01.27"]
[Round "3.64"]
[White "Nuri, Kambez"]
[Black "Pettersen, Joar Gullestad"]
[Result "1-0"]
[WhiteElo "2235"]
[BlackElo "2020"]
[PlyCount "23"]
[EventDate "2010.01.26"]
[EventType "swiss"]
[EventRounds "10"]
[EventCountry "GGB"]
[SourceDate "2005.02.07"]

1. e4 e6 2. Qe2 c5 3. Nf3 b6 4. g3 Bb7 5. Bg2 Ne7 6. O-O d5 7. exd5 Nxd5 8. Ne5
Nc6 9. Re1 Nd4 10. Qd1 Qc8 11. c3 Nc6 12. Bxd5 1-0

[Event "Gibtelecom Masters 8th"]
[Site "Gibraltar"]
[Date "2010.01.27"]
[Round "3.65"]
[White "Mikalsen, Erlend"]
[Black "Rioseco Pinochet, Fernan"]
[Result "0-1"]
[WhiteElo "1973"]
[BlackElo "2226"]
[PlyCount "82"]
[EventDate "2010.01.26"]
[EventType "swiss"]
[EventRounds "10"]
[EventCountry "GGB"]
[SourceDate "2005.02.07"]

1. e4 c5 2. Nf3 d6 3. d4 cxd4 4. Nxd4 Nf6 5. Nc3 Nc6 6. f3 Qb6 7. Nb3 e6 8. a4
Na5 9. Nxa5 Qxa5 10. Bb5+ Nd7 11. Bf4 Qb4 12. Ra3 Qc5 13. Qd2 a6 14. Be3 Qc7
15. Bxd7+ Bxd7 16. a5 Bc6 17. Ra1 Be7 18. O-O O-O 19. Bb6 Qd7 20. Rad1 f5 21Rfe1 Rac8 22. exf5 Rxf5 23. Ne4 Rd5 24. Qe2 Bb5 25. Qf2 Rxd1 26. Rxd1 Qc6 27Nc3 Bc4 28. Rd2 e5 29. Nd1 Be6 30. b3 d5 31. Nb2 Qc3 32. Na4 Qa1+ 33. Qf1 Qa2
34. Qe2 Bd6 35. c4 Qxb3 36. cxd5 Rc1+ 37. Kf2 Bd7 38. Nb2 Bb5 39. Qe4 Qc3 40Be3 Bc5 41. Nd1 Qxd2+ 0-1